| 000 | 00880nam0a22002771 4500 | ||
|---|---|---|---|
| 001 | rc\97807 | ||
| 005 | 20250620181154.0 | ||
| 010 |
_a5-7029-0380-3 _9300 |
||
| 035 | _a(NLR Aleph) 005361878 | ||
| 090 |
_a6906975 _c6906975 |
||
| 100 | _a20021216d1995 |||y0rusy50 ca | ||
| 101 | 0 | _arus | |
| 102 | _aRU | ||
| 105 | _ay ||||||||| | ||
| 200 | 1 |
_aЛичность - к образу _eМонография _fУдм. гос. ун-т |
|
| 210 |
_aИжевск _cИзд-во Удм. ун-та _d1995 |
||
| 215 |
_a216, [3] с. _d20 |
||
| 300 | _aРез.: англ. | ||
| 320 | _aБиблиогр.: с. 213-217 | ||
| 700 | 1 |
_aКрылова _bА. С. _cд-р филос. наук _gАнгелина Семеновна _9136561 _3RU\NLR\AUTH\770136596 |
|
| 801 | 0 |
_aRU _bNLR _gpsbo |
|
| 801 | 1 |
_aRU _bELAR _2rusmarc |
|
| 852 |
_aNLR _j95-3/3207 |
||
| 942 | _cBOOK | ||
| 980 | _aNB | ||